000
00323nam a2200145 a 4500
008
970117s1977||||xx 0 und c
040
_a
SNK
_b
slo
_c
SNK
_e
AACR2
100
1
_a
Fallada, Hans
245
1
0
_a
Pijan
260
_b
Osveta
_c
1977
_a
Bratislava
300
_a
231 s.
020
_c
21
044
_a
xo
_c
SK
041
_a
slo
999
_c
10617
_d
10617